| 000 | 00521nam a2200193Ia 4500 | ||
|---|---|---|---|
| 008 | 240612s9999 xx 000 0 und d | ||
| 020 | _a9789393882165 | ||
| 082 | _a345.0773 | ||
| 082 | _bMAR | ||
| 100 | _aஅ மார்க்ஸ் | ||
| 245 | 0 | _aமரண தண்டனை | |
| 250 | _a1 | ||
| 260 | _aசென்னை | ||
| 260 | _bஸீரோ டிகிரி பப்ளிஷிங் | ||
| 260 | _c2022 | ||
| 300 | _a148 pages | ||
| 650 | _aகட்டுரைகள் | ||
| 942 | _cTAMIL | ||
| 999 |
_c507560 _d507560 |
||